| 000 | 00376nam a22001217a 4500 | ||
|---|---|---|---|
| 999 |
_c3059 _d3059 |
||
| 005 | 20200929114804.0 | ||
| 008 | 200929b ||||| |||| 00| 0 eng d | ||
| 020 | _a081237004x | ||
| 040 | _cCML | ||
| 245 |
_aThe Writer's Craft: Idea to Expression. _cBlau, S. & others. |
||
| 260 |
_aEvanston _bMcDougal, Littell & Company. _c1992 |
||
| 942 |
_2ddc _cBK _h808.8 _mBLA |
||